[Event "Chicago op 27th"]
[Site "Chicago"]
[Date "2018.05.26"]
[Round "5"]
[White "Stukopin, Andrey"]
[Black "Checa, Nicolas D"]
[Result "1-0"]
[WhiteElo "2580"]
[BlackElo "2481"]
[Annotator "Stukopin,A"]
[PlyCount "63"]
[EventDate "2018.05.24"]
[EventType "swiss"]
[EventRounds "9"]
[EventCountry "USA"]
[SourceTitle "CBM 184 Extra"]
[Source "ChessBase"]
[SourceDate "2018.06.28"]
[SourceVersion "1"]
[SourceVersionDate "2018.06.28"]
[SourceQuality "1"]

1. e4 e6 2. d4 d5 3. Bd3 {Not the most critical or dangerous line for Black,
but some precison is still required on his side. I decided to go for this line
right before the game justifying it by an element of surprise it would bring
and an entirely distinct class of positions that arises as a consequence of
this variant.} c5 {One of the best reactions.} ({Black has at his disposal a
more critical line:} 3... dxe4 4. Bxe4 Nf6 5. Bf3 c5 6. Ne2 Nc6 {here White's
task to justify the opening choice becomes even more difficult.}) 4. exd5 exd5
5. Nf3 {There are several other options to continue for the white side:} (5. c3
Nc6 (5... cxd4 $5) 6. Nf3 {opening up the c2 square for the bishop's retreat
in case of c4.}) (5. dxc5 Bxc5 6. Nf3 Nf6 7. O-O O-O {leads to a position
where Black has an isolated pawn but good squares for his pieces. The bishop
on c8 will proceed to g4, the night from b8 - to c6. Black should not have any
problems in this line.}) 5... Nf6 6. O-O c4 (6... Be7 $6 7. dxc5 Bxc5 {leads
to the above position from 5.dc Bc5 with an extra tempo for the white side.})
7. Be2 Nc6 {[%csl Re2][%cal Ge8g8,Gf8e7] The pawn structure is very
incoonvient for White in the current setup and, therefore, needs to be changed.
} 8. b3 cxb3 9. axb3 Be7 (9... Bd6 10. c4 O-O {[%csl Rd6] is an interesting,
but not a human alternative. The dark squared bishop is better off controlling
the d8-h4 diagonal.}) 10. c4 {If White manages to put enough pressure on the
d5-pawn and force Black to capture on c4, his position will be much better} O-O
11. Nc3 {Now, Black needs to develop his light-squared bishop before it is too
late. There are 3 potential square for this:} Bg4 {The most logical decision.
Black's idea is to undermine White's protection of the d4-pawn and, when given
a chance, take on c4 followed by ...Qd4 or ...Nd4.} (11... Bf5 12. Bg5 Be6 $5 {
using the fact that White's night from f3 can no longer jump to g5 and that
White's bishop on g5 is not doing a great job at putting pressure on the d5
pawn.}) (11... Be6 12. Bb2 $14 {[%cal Ge2d3,Gf1e1]}) 12. Ra4 {Adding to the
already existing protection of the pawns along the 4th rank.} ({The first move
that came to my mind did not seem as a particularly strong one. Nonetheless,
it is more interesting than I thought it to be:} 12. h3 $5 Bxf3 13. Bxf3 dxc4
14. bxc4 (14. d5 Ne5 {[%cal Re5c4]}) (14. Bxc6 bxc6 15. bxc4 Bb4 16. Qd3 Re8 {
Black's structure is not too bad whereas his pieces are quite active.}) 14...
Qxd4 (14... Nxd4 $6 15. Bxb7 Rb8 16. Bd5 {[%csl Ra7,Rd4] Black ends up losing
the a7 pawn.}) 15. Qxd4 Nxd4 16. Bxb7 Rab8 17. Rb1 (17. Rxa7 $4 Bc5) 17... a5
18. Be3 $14 {During the game I was not impressed by the simplifications that
took place in this line. However, Black is to go a long way to make a draw.})
12... dxc4 13. d5 Bxf3 (13... b5 14. Nxb5 Qxd5 15. Rxc4 $1 {[%csl Rc6]} Qxd1 (
15... Qxb5 16. Rxg4 Qb7 17. Rh4 $14 {[%cal Gd1c2,Gc1b2]}) 16. Rxd1 Ne5 17. Rc7
Rfe8 18. Rxa7 Rxa7 19. Nxa7 $14) 14. Bxf3 Ne5 15. bxc4 {Now the pawn on c4 is
protected.} Nxf3+ (15... Nfd7 16. d6 Nxf3+ 17. gxf3 Bf6 18. Ne4 $14) 16. Qxf3
Nd7 17. Be3 (17. Rd1 $5 {[%cal Gd5d6] was a very interesting and energetic
move which could lead to many a tactical position.} Bd6 (17... Nb6 18. Ra1 Nxc4
19. d6 Nxd6 20. Ba3 {[%csl Rd6][%cal Gc3e4] There is no way get out of the pin.
}) 18. Ne4 Nb6 (18... Nc5 19. Nxc5 Bxc5 20. Ba3 $16 {White has a huge
advantage due to the strong central pawns.}) 19. Nxd6 Nxa4 20. Nf5 $1 {White
has an overwhelming compensation for the exchange.}) 17... Bc5 18. Bf4 (18. Ne4
Bxe3 19. Qxe3 b6 20. Qd4 a5 {[%cal Gf7f5,Gd8f6] Black's position is quite
solid.}) (18. Raa1 $5 {[%cal Gf1b1,Gc3a4]}) 18... Nb6 19. Ra5 (19. Raa1 Nxc4
20. d6 Bxd6 21. Rfd1 Qe7 $15 {White does not have enough resources to continue
the pursuit.}) 19... Bb4 $1 {Other moves are too slow:} (19... Rc8 20. Ne4 Bb4
21. Rxa7 Rxc4 22. Rd1 $14 {[%csl Gd5][%cal Gd5d6]} (22. d6 $5)) (19... Nd7 20.
Raa1 $16 {[%cal Gd5d6]}) 20. Rb5 Bxc3 21. Qxc3 Rc8 $1 {White has no time to
properly defend the c4-pawn.} 22. Qd3 a6 $6 (22... Rxc4 $1 23. Rxb6 (23. Be3
Qc8 $1 {Black should be able to equalize.}) 23... Rxf4 24. Rxb7 Qf6 $1 25. Rxa7
Rd4 $11) 23. Rb3 Nxc4 (23... Rxc4 $4 24. Be3 $18) 24. Rxb7 {[%csl Ga6] By
playing a6 Black protected the pawn, but underestimated the activity of
White's pieces.} Qf6 (24... Nd6 25. Ra7 a5 26. g3 $16 {[%csl Gf4]}) 25. Qg3 {
[%csl Rc4][%cal Gg3b8] Cutting the knight off by taking control over the
dagonal b8-h2 as well as not allowing Rfd8.} Qd4 (25... Rfd8 $4 26. Bg5 $18) (
25... Na5 26. Rc7 Rxc7 27. Bxc7 Nb7 28. Rb1 Nc5 29. Be5 $16) 26. d6 Rfd8 $6 {
Loses on the spot.} ({Black could try to resist a bit longer by playing} 26...
Rc5 $5 27. Rb4 $1 {[%cal Gf4e3]} Qe4 (27... a5 28. Be3 Qd5 29. Bxc5 axb4 30.
Bxb4 $16) (27... Qd5 28. Re1 $18 {[%cal Gf4h6]}) 28. d7 Rd5 29. Be3 Qd3 (29...
Rxd7 30. Bc5 Rc8 31. Qc3 $1 $18) 30. Bc5 Qxg3 31. hxg3 Rxc5 32. Rd1 $16) 27.
Rc7 $1 Ra8 28. Bg5 $1 Nxd6 (28... Rxd6 29. Rxc4 $18) (28... Rf8 29. Be7 Rfe8
30. d7 $18) 29. Bxd8 Rxd8 30. Qf3 $1 {[%cal Gf1d1]} Qe4 $6 31. Rxf7 $1 Qxf3 32.
Rxf3 $18 1-0

[Event "Douglas IoM op"]
[Site "Douglas"]
[Date "2017.10.01"]
[Round "9"]
[White "Anand, Viswanathan"]
[Black "Hou, Yifan"]
[Result "1-0"]
[WhiteElo "2794"]
[BlackElo "2670"]
[Annotator "Sumets,A"]
[PlyCount "105"]
[EventDate "2017.09.23"]
[EventType "swiss"]
[EventRounds "9"]
[EventCountry "IOM"]
[SourceTitle "CBM 181"]
[Source "ChessBase"]
[SourceDate "2017.11.10"]
[SourceVersion "1"]
[SourceVersionDate "2017.11.10"]
[SourceQuality "1"]

1. e4 e5 2. Nf3 Nf6 3. Nxe5 d6 4. Nf3 Nxe4 5. d3 {I don't think that Anand
will play this line frequently.} Nf6 6. d4 d5 7. Bd3 Be7 {I think this is a
little bit passive.} ({I would prefer} 7... Bd6 {Black controls the e5-square
and he doesn't allow White to play Bf4:} 8. O-O (8. Qe2+ Qe7 9. Qxe7+ Kxe7 10.
Bg5 h6 11. Bh4 g5 12. Bg3 Be6 13. Bxd6+ Kxd6 14. Nc3 c6 $11 {Muzychuk,A (2523)
-L'Ami,E (2615) Wijk aan Zee 2010 1/2 (53)}) 8... O-O 9. h3 h6 10. Nc3 a6 11.
Ne2 Re8 12. Bf4 Nc6 13. c3 Bxf4 14. Nxf4 Qd6 15. Qc1 Ne4 16. Bc2 Bf5 $11 {
Ivanisevic,I (2611) -Martinovic,S (2565) Mali Losinj CRO 2017 1/2 (58)}) 8. O-O
O-O 9. Re1 ({White can prevent ...Bg4:} 9. h3 $5 c5 (9... Nbd7 10. Re1 Re8 11.
Bf4 c6 12. c3 Bf8 13. Nbd2 g6 14. Qc2 a5 15. a4 Bg7 16. Nf1 $14 {Ivanov,A 
(2513)-Kamsky,G (2706) ICC INT 2014 1/2 (41)}) 10. dxc5 Bxc5 11. Nbd2 Nc6 12.
c3 Qd6 $2 (12... Bb6 13. Re1 Re8 14. Rxe8+ Qxe8 15. Nf1 $14) 13. b4 Bb6 14. Nc4
{1/2 (14) Leniart,A (2480) -Gleizerov,E (2519) Suwalki POL 2017. White has a
big advantage after} Qc7 15. Nxb6 axb6 16. Re1 $16) 9... Bg4 10. Bg5 Nbd7 11.
Nbd2 Re8 12. c3 c6 13. Qc2 (13. Qb3 {This move seems to be harmless, but even
here you can find some novelties with computer assistance:} Qb6 ({Probably
Black should play} 13... Qc7 14. h3 Be6 15. Nf1 h6 16. Bh4 Nh5 $11) 14. Ne5 (
14. h3 $5 Bh5 (14... Bxf3 15. Nxf3 $14) 15. Ne5 (15. Nh4 $1 Bf8 16. g4 Bg6 17.
Nxg6 hxg6 18. Bf4 $14) 15... Nxe5 $11 {1/2 (13) Arapovic,V (2392)-Dizdarevic,E
(2493) Neum 2011}) 14... Nxe5 15. Rxe5 Be6 16. Re2 Nh5 17. Bxe7 Rxe7 (17... Nf4
$1 {was the only way to equalize} 18. Re3 Nxd3 19. Rxd3 Rxe7) 18. g3 Ree8 19.
Rae1 Nf6 20. Qc2 $14 {Malisauskas,V (2490)-Gdanski,J (2435) Manila 1992 1/2 
(29)}) 13... h6 {Now Black cannot play ...Bh5, ...Bg6:} (13... Bh5 14. Ne5 ({
Probably White should play} 14. Re2 $5 h6 (14... Nf8 15. Rae1 Qd6 16. h3 Rad8 (
16... Bg6 17. Nh4 Bxd3 18. Qxd3 $14) 17. Bh4 Bg6 18. Bg3 Bxd3 19. Qxd3 Qd7 20.
Ne5 Qc8 21. Nxc6 $16 {Lintchevski, D (2553)-Dmitrenko,V (2353) Pardubice 2011
1-0 (46); and White easily won the game.}) 15. Bf4 Nf8 16. Rae1 Ne6 17. Bg3 Bd6
18. Bf5 Bg4 19. Bh4 Be7 20. h3 Bxf5 21. Qxf5 $14 Nd7 $2 22. Rxe6 fxe6 23. Qxe6+
Kf8 24. Bg3 $18 {Ovetchkin,R (2556)-Lintchevski,D (2450) Plovdiv 2008 1/2 (49)}
) 14... h6 15. Bf4 Nxe5 16. Rxe5 (16. Bxe5 $1 Nd7 17. Bg3 Nf8 {and Black has
good chances to equalise the game}) 16... Bd6 17. Rxe8+ Nxe8 18. Bxd6 Nxd6 $1
19. Re1 Bg4 20. h3 Be6 21. Nf3 Qf6 22. Qe2 Re8 $11 {Demidov,M (2521)-Fedoseev,
V (2731) Sochi RUS 2017 1/2 (59)}) 14. Bf4 Nh5 (14... c5 15. h3 Be6 16. dxc5
Nxc5 17. Bb5 Bd7 18. Bxd7 Qxd7 19. Nb3 {This position reminds me of the line 1.
e4 e6 2.d4 d5 3.Nd2 c5 4.Nf3 Nf6 5.exd5 exd5 6.Bb5+ Bd7 7.Bxd7+ Nxd7; I would
evaluate it in White's favour.}) 15. Be5 $1 Bg5 $146 {This novelty doesn't
help Black to level the game. Let's examine other continuations:} (15... Nxe5
16. Bh7+ Kf8 17. Nxe5 Nf6 18. h3 Be6 19. Ndf3 Bd6 20. Re3 Rc8 (20... g6 21.
Bxg6 fxg6 22. Qxg6 Qe7 23. Ng5 $1 hxg5 (23... Qg7 24. Nxe6+ Rxe6 25. Qf5 Rae8
26. Rae1 Qg5 27. Ng6+ Kg7 (27... Kf7 $2 28. Nh8+ $1 Kg7 29. Qxg5+ hxg5 30. Rxe6
$18) 28. Qxg5 Rxe3 (28... hxg5 $4 29. Rxe6 $18) 29. Qxe3 Rxe3 30. Rxe3 Kxg6 31.
g3 $14) 24. Rf3 Bxe5 25. dxe5 Qg7 26. Rxf6+ Bf7 27. Qf5 Kg8 28. f4 $1 $16) 21.
Rae1 c5 22. Bf5 Bxf5 23. Qxf5 $14 {Glek,I (2515)-Dolmatov,S (2595) Dortmund
1992 1-0 (66)}) (15... Bxf3 16. Nxf3 Nxe5 (16... Nhf6 17. Re2 Bf8 18. Rae1 Qb6
19. Bf5 $16 {Bus,M (2375)-Schmidt,W (2440) Lubniewice 1993 1-0 (35)}) 17. Bh7+
Kf8 18. Nxe5 (18. dxe5 $1 Nf4 19. Qf5 Ne6 20. g3 $5 (20. Bg6 $6 Bf6 21. exf6
fxg6 22. Qxg6 Qxf6 $11) 20... Bc5 21. Rad1 Qd7 22. Nh4 $1 g5 $8 23. Nf3 Kg7 24.
Qc2 $14) 18... Nf6 19. Re2 Bd6 20. Rae1 Qc7 21. f4 Re7 22. Bd3 {1/2 (20) Bus,M
(2375)-Brynell,S (2470) Copenhagen 1993}) 16. h3 $1 (16. Bh7+ Kh8 17. Bf5 Bxf5
18. Qxf5 Kg8 19. Nxg5 hxg5 {Black should level the game.}) 16... Bxf3 {Black
has got an unpleasant situation; she should have tried to find the most
reliable worse position:} (16... Nxe5 17. Rxe5 Bxf3 18. Nxf3 Rxe5 19. Nxe5 Nf6
20. g3 Nd7 21. Bh7+ Kf8 22. f4 Bf6 23. Re1 $16) 17. Nxf3 Bf4 (17... Nf8 18. Qb3
$5 (18. c4 $5 Nf4 19. Bf5 $14) 18... Qd7 19. h4 Bf4 20. c4 $1 dxc4 (20... a6
21. cxd5 cxd5 22. g3 f6 23. Bxf4 Nxf4 24. Bf1 $14) 21. Bxc4 Ng6 22. g3 Bxe5 23.
dxe5 $16) (17... Nxe5 18. Rxe5 {- 16...Nxe5}) 18. Bh7+ Kh8 19. Bxf4 Nxf4 20.
Bf5 Qc7 21. Bxd7 $1 {Just in time. White takes control of the e-file.} Qxd7 22.
Ne5 Qe6 (22... Qc7 $2 23. Qf5 $18) 23. Re3 Kg8 ({Hou Yifan doesn't want to
play the rook endgame after} 23... Ng6 24. Nxg6+ Qxg6 25. Qxg6 fxg6 26. Rae1
Rxe3 27. Rxe3 Rb8 28. h4 $1 $16 {The endgame which has arisen is very
unpleasant for Black, probably her position is lost.} (28. Re7 $6 g5 $1)) 24.
Rae1 Qc8 $6 25. Nxf7 $1 Rxe3 26. Rxe3 $1 (26. fxe3 Nxh3+ $1 {The only way to
continue resistance:} 27. gxh3 Kxf7 28. Qh7 Qh8 $5 {Definitely, it is not the
best square for the queen, but Black needs to have the g8-square for his king.}
(28... Qg8 $5 {leads to an interesting endgame:} 29. Qf5+ Ke7 30. e4 Qe6 31.
Qxe6+ Kxe6 32. exd5+ Kxd5 33. Re7 g5 34. Rxb7 a5 {Black has good chances to
save the game due to the active position of his king}) 29. Qf5+ (29. Rf1+ $6
Ke7 30. Qf5 Rf8 31. Qe5+ Kd7 $11) 29... Kg8 30. e4 Rf8 31. Qe6+ Kh7 32. exd5
Rf6 33. Qe4+ Rg6+ 34. Kf1 cxd5 35. Qxd5 Qc8 {Due to the vulnerable position of
the opponent's king, Black has a chance to save the game.}) 26... Kxf7 27. Rf3
$16 {White gets an extra pawn.} Kg8 (27... g5 $2 28. Qh7+ Ke8 29. g3 Nxh3+ 30.
Kh2 $18) 28. Rxf4 Qe6 29. Qf5 ({White could have tried to trade rooks, but the
consequences of} 29. Rf3 Re8 30. Re3 Qf7 31. Qe2 Rxe3 32. Qxe3 Qf5 $16 {
are not so clear.}) 29... Re8 (29... Qe1+ 30. Kh2 Qe8 31. Rf3 {is joyless for
Black. White can push his h- and g-pawns and get a winning position.}) 30.
Qxe6+ Rxe6 31. Kf1 a5 32. Rf3 Rg6 33. a4 Rd6 (33... b5 34. axb5 cxb5 35. Rf5
Rd6 36. Ke2 {White has an extra pawn and an active rook. He should win the
game.}) 34. Ke2 Rd8 35. Kd3 {This is the best square for the white king.} Rb8
36. Rf5 b5 {If Black waits then White will play g4, f4, Re5, f5.} 37. axb5 Rxb5
{Black wants to trade pawns after ...a4, ...Ra5, ...a3.} 38. Kc2 Rb7 (38... a4
39. Kb1 Rb3 40. Ka2 $18) 39. f4 Rb8 40. g4 a4 41. Re5 (41. Kb1 $5 Rb6 42. Ka2
$18) 41... Kf7 42. f5 Ra8 43. Re6 Rc8 44. Re5 Ra8 (44... g6 45. fxg6+ Kxg6 46.
Re6+ Kg5 47. Kb1 $18) 45. h4 a3 46. bxa3 Rxa3 47. Kb2 $18 Ra8 48. g5 hxg5 49.
hxg5 Rb8+ 50. Kc2 Rh8 51. Re6 Rh5 52. g6+ Kf8 53. f6 1-0